Загрузка...

Identity of the adolescent girl

Библиографические подробности
Главный автор: Sharma, Neerja
Формат: Printed Book
Язык:English
Опубликовано: New Delhi, Discovery Publishing House
1996
Предметы:
LEADER 005470000a22001930004500
020 |a 8171413471 
041 |a eng 
082 |a 155.533 N6 
100 |a Sharma, Neerja  |9 120747 
245 |a Identity of the adolescent girl 
260 |a New Delhi, Discovery Publishing House 
260 |a 1996 
465 |a R 300 
650 |a Adolescent girl  |9 120748 
650 |a Psychology  |9 120749 
650 |a Research report  |9 120750 
942 |c BK 
999 |c 168355  |d 168351 
952 |0 0  |1 0  |4 0  |7 0  |9 166778  |a SPS  |b SPS  |d 2019-04-16  |l 0  |p SPS03284  |r 2019-04-16  |w 2019-04-16  |y BK